[Event "1500 & Under Championship / KO"]
[Site "SchemingMind.com"]
[Date "2009.05.08"]
[Round "-"]
[White "peace frogger"]
[Black "Zugzwang"]
[Result "0-1"]
[WhiteCountry "USA"]
[BlackCountry "CAN"]
[WhiteElo "1313"]
[WhiteRD "138"]
[BlackElo "1474"]
[BlackRD "59"]
[GameID "203485"]

1. c4 c5 2. Nc3 Nc6 3. Nf3 e5 4. e3 Nf6 5. Be2 Be7 6. O-O O-O 7. d4 exd4 8. exd4 d6 9. b3 Bf5 10. Re1 Re8
11. Bg5 h6 12. Bxf6 Bxf6
0-1

[Event "1500 & Under Championship / KO"]
[Site "SchemingMind.com"]
[Date "2009.05.07"]
[Round "-"]
[White "Zugzwang"]
[Black "peace frogger"]
[Result "1-0"]
[WhiteCountry "CAN"]
[BlackCountry "USA"]
[WhiteElo "1474"]
[WhiteRD "59"]
[BlackElo "1313"]
[BlackRD "138"]
[GameID "203488"]

1. d4 Nf6 2. Nf3 d5 3. e3 Bf5 4. c4 c6 5. Qb3 Qc7 6. Nc3 e6 7. c5 Be7 8. Be2 O-O 9. O-O Re8 10. Ne5 Nfd7
11. Nxd7 Nxd7 12. Bd2 Nf6 13. h3
1-0

[Event "1500 & Under Championship / KO"]
[Site "SchemingMind.com"]
[Date "2009.05.07"]
[Round "-"]
[White "twotone"]
[Black "Jochen"]
[Result "1-0"]
[WhiteCountry "ENG"]
[BlackCountry "GBR"]
[WhiteElo "1463"]
[WhiteRD "78"]
[BlackElo "1205"]
[BlackRD "74"]
[GameID "203614"]

1. e4 d5 2. e5 e6 3. d4 Bb4+ 4. Bd2 Na6 5. Bxb4 Nxb4 6. c3 Nc6 7. Bb5 Bd7 8. Ne2 a6 9. Ba4 b5 10. Bb3 Nh6
11. Ng3 Nf5 12. Nxf5 exf5 13. O-O Be6 14. Nd2 g6 15. Re1 O-O 16. Nf3 f6 17. a4 b4 18. a5 g5 19. Qc2 g4 20. Nh4 fxe5
21. dxe5 Qxh4 22. cxb4 Nd4 23. Qd3 Nc6 24. Bxd5 Bxd5 25. Qxd5+ Kg7 26. Qxc6 Rad8 27. Qxa6 g3 28. fxg3 Qd4+ 29. Kh1 Qxb2 30. Rab1 Qd4
31. Qe2 Qe4 32. a6 Ra8 33. b5 Rfe8 34. Qb2 Qd5 35. Rbd1 Qe6 36. h3 h6 37. Rc1 Kf7 38. Rc6 Rac8 39. Rxe6 Rxe6 40. a7 Kg6
41. Ra1 c5 42. a8=Q Rce8 43. Qd5
1-0

[Event "1500 & Under Championship / KO"]
[Site "SchemingMind.com"]
[Date "2009.05.07"]
[Round "-"]
[White "Jochen"]
[Black "twotone"]
[Result "1-0"]
[WhiteCountry "GBR"]
[BlackCountry "ENG"]
[WhiteElo "1205"]
[WhiteRD "74"]
[BlackElo "1463"]
[BlackRD "78"]
[GameID "203619"]

1. e4 e5 2. Nf3 Nf6 3. Nc3 d6 4. Bb5+ Bd7 5. O-O c6 6. Ba4 b5 7. Bb3 Bg4 8. Qe1 Bxf3 9. gxf3 Nh5 10. Qe3 Nf4
11. Kh1 a5 12. Ne2 Ne6 13. Ng3 Qc7 14. a4 Nc5 15. Nf5 Nxb3 16. cxb3 d5 17. exd5 cxd5 18. axb5 Nd7 19. d3 Nb6 20. d4 Bd6
21. Nxg7+ Kd7 22. dxe5 Bxe5 23. Qh6 f6 24. f4 d4 25. fxe5 fxe5 26. f4 Qb7+ 27. Qc6+ Qxc6+ 28. bxc6+ Kxc6 29. fxe5 Kd5 30. e6 Nc8
31. Rf5+ Kd6 32. Bf4+ Kc6 33. Rfxa5 Nb6 34. Rxa8 Nxa8 35. e7 Kd7 36. Ra7+ Kc6 37. e8=Q+ Rxe8 38. Nxe8 Nb6 39. Rc7+ Kb5 40. Rxh7 Kb4
41. Rb7
1-0

[Event "1500 & Under Championship / KO"]
[Site "SchemingMind.com"]
[Date "2009.05.08"]
[Round "-"]
[White "dorszu"]
[Black "Caputo"]
[Result "0-1"]
[WhiteCountry "POL"]
[BlackCountry "USA"]
[WhiteElo "1467"]
[WhiteRD "77"]
[BlackElo "1517"]
[BlackRD "89"]
[GameID "203799"]

1. d4 Nf6 2. c4 g6 3. Nc3 Bg7 4. e4 d6 5. Nf3 O-O 6. Be2 e5 7. d5 c6 8. O-O Na6 9. Bg5 h6 10. Bxf6 Qxf6
11. a3 Bg4 12. h3 Bxf3 13. Bxf3 Nc5 14. b4 Nd7 15. Bg4 Qe7 16. a4 Nb6 17. Qe2 h5 18. Bf3 a6 19. a5 Nd7 20. g3 Rfc8
21. Kg2 Nf6 22. Rh1 cxd5 23. exd5 Rc7 24. Rac1 Rac8 25. Na4 e4 26. Nb6 exf3+ 27. Qxf3 Re8 28. Rhe1 Qd8 29. c5 Rce7 30. Rxe7 Qxe7
31. c6 bxc6 32. dxc6 Qc7 33. b5 Bf8 34. Qxf6 axb5 35. Qd4 Re5 36. a6 Rc5 37. Nd5 Qxc6 38. a7 Rxc1 39. Kh2 Rc4 40. Qa1 Ra4
41. Ne7+ Bxe7 42. a8=Q+ Qxa8
0-1

[Event "1500 & Under Championship / KO"]
[Site "SchemingMind.com"]
[Date "2009.05.08"]
[Round "-"]
[White "Caputo"]
[Black "dorszu"]
[Result "1-0"]
[WhiteCountry "USA"]
[BlackCountry "POL"]
[WhiteElo "1549"]
[WhiteRD "91"]
[BlackElo "1446"]
[BlackRD "84"]
[GameID "203808"]

1. e4 e6 2. d4 d5 3. e5 Bb4+ 4. Bd2 Bxd2+ 5. Nxd2 c5 6. Ngf3 Nc6 7. Bb5 Ne7 8. c3 a6 9. Ba4 b5 10. Bc2 b4
11. Nb3 bxc3 12. bxc3 O-O 13. Bxh7+ Kxh7 14. Ng5+ Kg8 15. Qd3 Nf5 16. f4 Re8 17. Nxc5 Kf8 18. g4 Nh6 19. Nh7+ Kg8 20. g5 Nf5
21. Qh3 Qa5 22. Nf6+ gxf6 23. gxf6 Nce7 24. Rg1+ Kf8 25. Qh8+ Ng8 26. Qxg8#
1-0

[Event "1500 & Under Championship / KO"]
[Site "SchemingMind.com"]
[Date "2009.05.10"]
[Round "-"]
[White "Gammon"]
[Black "tumapetr1953"]
[Result "0-1"]
[WhiteCountry "USA"]
[BlackCountry "CZE"]
[WhiteElo "1401"]
[WhiteRD "60"]
[BlackElo "1569"]
[BlackRD "110"]
[GameID "204120"]

1. e4 e5 2. Nf3 Nc6 3. Bc4 f5 4. d3 Nf6 5. Ng5 d5 6. Bb5 Be7 7. h3 O-O 8. O-O f4 9. Bxc6 bxc6 10. a3 Qd7
11. Bd2 Bb7 12. Nf3 Bd6 13. Nh4 dxe4 14. dxe4 Nxe4 15. Nc3 Nxd2 16. Qxd2 Rad8 17. Rad1 Qe7 18. Nf3 e4 19. Qd4 exf3 20. gxf3 Bc8
21. Ne2 Qxe2 22. Rd2 Qb5 23. Re1 Bxh3 24. Kh2 Qh5 25. Rde2 Bf1+ 26. Kg1 Bxe2 27. Rxe2 Rde8 28. Re4 Qxf3 29. Qc4+ Kh8 30. Rxe8 Rxe8
31. Qf7 Re1+
0-1

[Event "1500 & Under Championship / KO"]
[Site "SchemingMind.com"]
[Date "2009.05.10"]
[Round "-"]
[White "tumapetr1953"]
[Black "Gammon"]
[Result "0-1"]
[WhiteCountry "CZE"]
[BlackCountry "USA"]
[WhiteElo "1569"]
[WhiteRD "110"]
[BlackElo "1401"]
[BlackRD "60"]
[GameID "204126"]

1. e4 e6 2. f4 d5 3. e5 Nh6 4. Nf3 Nf5 5. d4 h6 6. Be2 Nc6 7. c3 Be7 8. O-O b6 9. Be3 Nxe3 10. Qa4 Nxf1
11. Qxc6+ Bd7 12. Qxa8 Qxa8 13. Bxf1 O-O 14. Nbd2 c5 15. Be2 c4 16. b3 cxb3 17. axb3 a5 18. h3 Rc8 19. Rc1 Rc6 20. Bb5 Rc7
21. Be2 Qd8 22. Bd3 Bh4 23. Kh2 b5 24. g3 Be7 25. Kg2 a4 26. b4 Ra7 27. Ra1 Qc7 28. Ra3 f6 29. exf6 Bxf6 30. h4 g5
31. hxg5 hxg5 32. fxg5 Bg7 33. Ne5 Bxe5
0-1

[Event "1500 & Under Championship / KO"]
[Site "SchemingMind.com"]
[Date "2009.05.20"]
[Round "-"]
[White "jamesm_beatty"]
[Black "bartleby en passant"]
[Result "0-1"]
[WhiteCountry "USA"]
[BlackCountry "IRL"]
[WhiteElo "1387"]
[WhiteRD "81"]
[BlackElo "1606"]
[BlackRD "82"]
[GameID "205374"]

1. e4 c5 2. Nf3 Nc6 3. d4 cxd4 4. Nxd4 e5 5. Nb5 a6 6. Nd6+ Bxd6 7. Qxd6 h6 8. a3 Qe7 9. Qxe7+ Ngxe7 10. Bc4 Nd4
11. Bb3 d6 12. Nc3 Be6 13. Nd5 O-O 14. Nxe7+ Kh8 15. Bxe6 fxe6 16. Kd2 Rxf2+ 17. Ke3 Rxg2 18. Kd3 Re8 19. c3 Nb3 20. Rb1 Rxe7
21. Be3 d5 22. exd5 exd5 23. Rhg1 e4#
0-1

[Event "1500 & Under Championship / KO"]
[Site "SchemingMind.com"]
[Date "2009.05.20"]
[Round "-"]
[White "bartleby en passant"]
[Black "jamesm_beatty"]
[Result "1-0"]
[WhiteCountry "IRL"]
[BlackCountry "USA"]
[WhiteElo "1606"]
[WhiteRD "82"]
[BlackElo "1387"]
[BlackRD "81"]
[GameID "205382"]

1. d4 Nf6 2. c4 g6 3. Nc3 d5 4. c5 Bg7 5. Bg5 Nc6 6. h3 Ne4 7. Nxe4 dxe4 8. e3 Qd5 9. Bf4 f6 10. Bxc7 e5
11. dxe5 Nxe5 12. Qxd5 Bd7 13. f4 Bc6 14. Qe6+ Kf8 15. Bd6#
1-0

[Event "1500 & Under Championship / KO"]
[Site "SchemingMind.com"]
[Date "2009.05.26"]
[Round "-"]
[White "mochiron"]
[Black "Fred Fanelli"]
[Result "0-1"]
[WhiteCountry "JPN"]
[BlackCountry "USA"]
[WhiteElo "1480"]
[WhiteRD "81"]
[BlackElo "1521"]
[BlackRD "91"]
[GameID "206054"]

1. f4 d5 2. Nf3 Nf6 3. e3 Nc6 4. d4 e6 5. a3 Bd6 6. Be2 O-O 7. O-O a6 8. Nc3 Bd7 9. Bd3 Ne7 10. e4 dxe4
11. Nxe4 Ng6 12. Nxf6+ Qxf6 13. f5 exf5 14. Bg5 Qe6 15. c4 f6 16. d5 Qf7 17. Be3 Ne5 18. Nxe5 fxe5 19. Bg5 Qg6 20. h4 h6
21. Bd2 e4 22. Be2 Bc5+ 23. Kh1 Qg3 24. Be1 Qe5 25. b4 Be7 26. c5 Rad8 27. d6 cxd6 28. cxd6 Qxd6 29. Qb3+ Kh8 30. Rd1 Qg6
31. Qg3 Qf6 32. Rf4 Bd6 33. Rxd6 Qxd6 34. Bc3 Qe7 35. Bd4 Bc6 36. Bc5 Qe5 37. Bxf8 Rxf8 38. Qe3 g6 39. h5 g5 40. Rf1 f4
41. Qc1 f3 42. Qc4 fxg2+ 43. Kxg2 e3+ 44. Bf3 e2 45. Bxc6 exf1=Q+
0-1

[Event "1500 & Under Championship / KO"]
[Site "SchemingMind.com"]
[Date "2009.05.26"]
[Round "-"]
[White "Fred Fanelli"]
[Black "mochiron"]
[Result "1-0"]
[WhiteCountry "USA"]
[BlackCountry "JPN"]
[WhiteElo "1479"]
[WhiteRD "92"]
[BlackElo "1507"]
[BlackRD "81"]
[GameID "206059"]

1. c4 f5 2. Nc3 d6 3. Nf3 e6 4. e3 Nf6 5. d3 Be7 6. Be2 O-O 7. O-O Nc6 8. Re1 e5 9. e4 fxe4 10. Nxe4 Nxe4
11. dxe4 Bg4 12. Be3 Nd4 13. Nxd4 exd4 14. Bxd4 Bxe2 15. Rxe2 c5 16. Bc3 Bf6 17. Qd5+ Kh8 18. Bxf6 Qxf6 19. Rf1 Rae8 20. f3 b6
21. Rd1 Rd8 22. Red2 h6 23. Qc6 Qg5 24. Rxd6 Rxd6 25. Qxd6 Rxf3 26. Qd8+ Qxd8 27. Rxd8+ Kh7 28. gxf3 h5 29. Rf8
1-0

[Event "1500 & Under Championship / KO"]
[Site "SchemingMind.com"]
[Date "2009.05.29"]
[Round "-"]
[White "APB"]
[Black "skorak"]
[Result "1-0"]
[WhiteCountry "ENG"]
[BlackCountry "POL"]
[WhiteElo "1469"]
[WhiteRD "86"]
[BlackElo "1503"]
[BlackRD "110"]
[GameID "206315"]

1. e4 e5 2. Nf3 Nc6 3. Bc4 Bc5 4. d3 Nf6 5. Ng5 O-O 6. Nxf7 Rxf7 7. Bxf7+ Kxf7 8. Qf3 Nd4 9. Qd1 d6 10. c3 Nb5
11. Bg5 h6 12. Bxf6 Qxf6 13. O-O g5 14. a4 Nxc3 15. Nxc3 Bd7 16. Nd5 Qg6 17. Qf3+ Kg7 18. Nxc7 Rc8 19. Nd5 Rf8 20. Qe2 Bxa4
21. Rxa4 Bd4 22. Rc4 Bxb2 23. Qxb2 g4 24. Qxb7+
1-0

[Event "1500 & Under Championship / KO"]
[Site "SchemingMind.com"]
[Date "2009.05.28"]
[Round "-"]
[White "skorak"]
[Black "APB"]
[Result "1-0"]
[WhiteCountry "POL"]
[BlackCountry "ENG"]
[WhiteElo "1548"]
[WhiteRD "113"]
[BlackElo "1481"]
[BlackRD "86"]
[GameID "206323"]

1. e4 e5 2. Nf3 Nc6 3. Bc4 Bc5 4. c3 Nf6 5. d4 exd4 6. cxd4 Bb4+ 7. Bd2 Nxe4 8. Bxb4 Nxb4 9. Bxf7+ Kxf7 10. Qb3+ Ke8
11. Qxb4 d6 12. Nc3 Qe7 13. O-O b6 14. Nxe4 Qxe4 15. Rfe1 Bf5 16. Ng5 Qxe1+ 17. Qxe1+ Kf8 18. Ne6+ Bxe6 19. Qxe6 g6 20. Qf6+ Kg8
21. Re1 Rf8 22. Qe7
1-0

[Event "1500 & Under Championship / KO"]
[Site "SchemingMind.com"]
[Date "2009.06.02"]
[Round "-"]
[White "Heidi"]
[Black "R.Leydon"]
[Result "1-0"]
[WhiteCountry "USA"]
[BlackCountry "IRL"]
[WhiteElo "979"]
[WhiteRD "69"]
[BlackElo "1441"]
[BlackRD "73"]
[GameID "206446"]

1. e4 e5 2. Nf3 Nc6 3. Bb5 Nf6 4. O-O Nxe4 5. Bxc6 bxc6 6. d3 Nf6 7. Nc3 d5 8. d4 e4 9. Ne5 c5 10. f4 cxd4
11. Qxd4 Ba6 12. Re1 Bd6 13. Nxd5 O-O 14. Rxe4 Nxe4 15. Qxe4 Bc5+ 16. Be3 c6 17. Nc3 Bxe3+ 18. Kh1 Bb6 19. h3 Re8 20. Rd1 Qh4
21. Rd7 f6 22. Qf5 fxe5 23. Qf7+ Kh8 24. Qxg7#
1-0

[Event "1500 & Under Championship / KO"]
[Site "SchemingMind.com"]
[Date "2009.05.29"]
[Round "-"]
[White "kungfuquest"]
[Black "Manfred Kraut"]
[Result "1-0"]
[WhiteCountry "USA"]
[BlackCountry "GER"]
[WhiteElo "1442"]
[WhiteRD "106"]
[BlackElo "1443"]
[BlackRD "69"]
[GameID "206447"]

1. e4 c5 2. d3 Nc6 3. Nc3 g6 4. Nd5 Bg7 5. Nf3 d6 6. Ng5 Nf6 7. f4 e6 8. Ne3 Qe7 9. f5 exf5 10. exf5 Bxf5
11. Be2 Bd7 12. O-O O-O 13. Bg4 Bxg4 14. Nxg4 Nd4 15. c3 Ne2+ 16. Qxe2 Qxe2 17. Nxf6+ Bxf6 18. Rxf6 Qxd3 19. Bf4 Kg7 20. Rxd6 Qc2
21. Re1 Qxb2 22. Be5+ Kh6 23. Ne4 b6 24. Re3 Qc1+ 25. Kf2 Rae8 26. Rh3#
1-0

[Event "1500 & Under Championship / KO"]
[Site "SchemingMind.com"]
[Date "2009.05.29"]
[Round "-"]
[White "R.Leydon"]
[Black "Heidi"]
[Result "1-0"]
[WhiteCountry "IRL"]
[BlackCountry "USA"]
[WhiteElo "1441"]
[WhiteRD "73"]
[BlackElo "979"]
[BlackRD "69"]
[GameID "206455"]

1. e4 e5 2. f4 exf4 3. Nf3 Nf6 4. e5 Ng4 5. d4 d5 6. Bxf4 Bf5 7. c4 c6 8. cxd5 cxd5 9. Nc3 Nc6 10. Bb5 f6
11. exf6 Nxf6 12. Bg5 Qa5 13. O-O Bd6 14. Nh4 Be4 15. Bxf6 Rf8 16. Qh5+ Rf7 17. Bxg7 Bf8 18. Qxf7+ Kd8 19. Qxf8+ Kc7 20. Qxa8 Nb8
21. Be5+ Kc8 22. Rf8+ Qd8 23. Qxb8#
1-0

[Event "1500 & Under Championship / KO"]
[Site "SchemingMind.com"]
[Date "2009.05.29"]
[Round "-"]
[White "Manfred Kraut"]
[Black "kungfuquest"]
[Result "1-0"]
[WhiteCountry "GER"]
[BlackCountry "USA"]
[WhiteElo "1443"]
[WhiteRD "69"]
[BlackElo "1442"]
[BlackRD "106"]
[GameID "206456"]

1. e4 e5 2. Nf3 d6 3. d4 Nc6 4. d5 Nd4 5. Nxd4 exd4 6. Qxd4 c5 7. dxc6 bxc6 8. Nc3 Nf6 9. Bg5 h6 10. Bh4 c5
11. Qd5 Be6 12. Qd2 Rb8 13. b3 Qa5 14. Bd3 Bg4 15. O-O Be7 16. f3 Bxf3 17. Rxf3 O-O 18. Be1 Ng4 19. Rg3 Ne5 20. Qxh6 f6
21. Qxg7#
1-0

[Event "1500 & Under Championship / KO"]
[Site "SchemingMind.com"]
[Date "2009.06.02"]
[Round "-"]
[White "maro"]
[Black "andu"]
[Result "1/2-1/2"]
[WhiteCountry "MEX"]
[BlackCountry "AUT"]
[WhiteElo "1333"]
[WhiteRD "51"]
[BlackElo "1669"]
[BlackRD "64"]
[GameID "206895"]

1. d4 Nf6 2. d5 g6 3. Bg5 Ne4 4. Nf3 Bg7 5. c3 Nxg5 6. Nxg5 e6 7. d6 Qxg5 8. dxc7 Na6 9. e3 Nxc7 10. Be2 Qxg2
11. Kd2 Qxf2 12. Qf1 Qxf1 13. Rxf1 Bh6 14. Na3 Nd5 15. Nc4 Ke7 16. Rad1 b6 17. Rf3 f5 18. Kc2 g5 19. Rh3 g4 20. Rxh6 f4
21. exf4 Nxf4 22. Bxg4 Ba6 23. Ne5 Bb7 24. Rxd7+ Ke8 25. Rxb7 Kd8 26. Nf7+ Kc8 27. Nxh8 Kxb7 28. Bf3+ Nd5 29. Rxh7+ Ka6 30. Nf7 Rf8
31. Be2+ Ka5 32. Nd6 a6 33. a4 Rf2 34. Kd2 Nf4 35. Ke3 Rxe2+ 36. Kxf4 Kxa4 37. Ra7 a5 38. b4 Rxh2 39. bxa5 bxa5 40. Nc4 Rh4+
41. Ke5 Rxc4 42. Kxe6 Rxc3 43. Kd5 Kb4 44. Rb7+ Ka4=
1/2-1/2

[Event "1500 & Under Championship / KO"]
[Site "SchemingMind.com"]
[Date "2009.06.03"]
[Round "-"]
[White "Tuirgin"]
[Black "BigDaddy"]
[Result "0-1"]
[WhiteCountry "USA"]
[BlackCountry "AUT"]
[WhiteElo "1273"]
[WhiteRD "106"]
[BlackElo "1240"]
[BlackRD "77"]
[GameID "207019"]

1. e4 e5 2. Nf3 Nc6 3. Bb5 Nf6 4. O-O a6 5. Ba4 b5 6. Bb3 d5 7. exd5 Nb8 8. Nxe5 Nxd5 9. c3 Bc5 10. d4 Nb6
11. dxc5 N6d7 12. Bd5 Nxe5 13. Bxa8 O-O 14. Qxd8 Rxd8 15. Bf4 Re8 16. Re1 Nbd7 17. b4 g6 18. c6 Nb6 19. Bb7 Bf5
0-1

[Event "1500 & Under Championship / KO"]
[Site "SchemingMind.com"]
[Date "2009.06.03"]
[Round "-"]
[White "BigDaddy"]
[Black "Tuirgin"]
[Result "1-0"]
[WhiteCountry "AUT"]
[BlackCountry "USA"]
[WhiteElo "1240"]
[WhiteRD "77"]
[BlackElo "1273"]
[BlackRD "106"]
[GameID "207028"]

1. e4 c5 2. e5 Nc6 3. Nf3 Qc7 4. Qe2 g6 5. Nc3 d6 6. Nd5 Qd7 7. exd6 Qxd6 8. c4 Nf6 9. g3 Bg7 10. Ng5 O-O
11. Bg2 b6 12. Qf3 Qe5+ 13. Ne3 Qxg5 14. h4 Qe5 15. Qxc6 Rb8 16. f4 Qd4 17. Nc2 Qd6 18. Qxd6 exd6 19. O-O
1-0

[Event "1500 & Under Championship / KO"]
[Site "SchemingMind.com"]
[Date "2009.06.08"]
[Round "-"]
[White "Henry G-R"]
[Black "Jerry Sven"]
[Result "1-0"]
[WhiteCountry "ENG"]
[BlackCountry "USA"]
[WhiteElo "1358"]
[WhiteRD "95"]
[BlackElo "1362"]
[BlackRD "97"]
[GameID "207632"]

1. e4 d6 2. Nc3 Nf6 3. d4 g6 4. Bc4 Bg7 5. Nf3 O-O 6. e5 dxe5 7. d5 e6 8. dxe6 Bxe6 9. Bxe6 fxe6 10. Bg5 h6
11. Be3 e4 12. Ne5 Nbd7 13. Nxg6 Rf7 14. O-O b6 15. Nb5 Kh7 16. Nf4 Qe7 17. Nxc7 Rc8 18. Nb5 Ne5 19. Nh5 Nxh5 20. Qxh5 Qf6
21. Nd6
1-0

[Event "1500 & Under Championship / KO"]
[Site "SchemingMind.com"]
[Date "2009.06.09"]
[Round "-"]
[White "Jerry Sven"]
[Black "Henry G-R"]
[Result "1/2-1/2"]
[WhiteCountry "USA"]
[BlackCountry "ENG"]
[WhiteElo "1362"]
[WhiteRD "97"]
[BlackElo "1358"]
[BlackRD "95"]
[GameID "207640"]

1. Nf3 d5 2. g3 Nf6 3. Bg2 b6 4. O-O Bb7 5. d3 e6 6. Nbd2 Nbd7 7. c3 Bd6 8. Re1 O-O 9. e4 Re8 10. b4 c5
11. a4 Bc6 12. bxc5 Nxc5 13. a5 bxa5 14. Ba3 Nxd3 15. Re3 Nc5 16. Nb3 Qb6 17. Nxc5 Bxc5 18. Bxc5 Qxc5 19. Nd4 Rad8 20. exd5 exd5
21. Qf3 a6 22. Bf1 Ne4 23. Nxc6 Qxc6 24. Rxa5 Nd2 25. Rxe8+ Rxe8 26. Qxd5 Qxd5 27. Rxd5 Nxf1 28. Kxf1=
1/2-1/2

[Event "1500 & Under Championship / KO"]
[Site "SchemingMind.com"]
[Date "2009.06.10"]
[Round "-"]
[White "FactoryFreak"]
[Black "saxondom"]
[Result "1-0"]
[WhiteCountry "USA"]
[BlackCountry "HUN"]
[WhiteElo "1427"]
[WhiteRD "107"]
[BlackElo "1251"]
[BlackRD "105"]
[GameID "208060"]

1. e4 g6 2. Bc4 Bg7 3. Nf3 e6 4. Nc3 d6 5. d4 Nf6 6. Bg5 O-O 7. O-O Bd7 8. e5 Bc6 9. d5 b5 10. exf6 Bxf6
11. Ne4 Bxg5 12. Nfxg5 bxc4 13. dxc6 Nxc6 14. Qf3 f6 15. Nxe6 Ne5 16. Qc3 Qe7 17. Nxf8 Qxf8 18. f4 a5 19. fxe5 dxe5 20. Nxf6+ Kg7
21. Nh5+ gxh5 22. Rxf8 Rxf8 23. Qxe5+ Rf6 24. Qxc7+ Kg6 25. Qxc4 Kg5 26. h4+
1-0

[Event "1500 & Under Championship / KO"]
[Site "SchemingMind.com"]
[Date "2009.06.11"]
[Round "-"]
[White "saxondom"]
[Black "FactoryFreak"]
[Result "0-1"]
[WhiteCountry "HUN"]
[BlackCountry "USA"]
[WhiteElo "1251"]
[WhiteRD "105"]
[BlackElo "1427"]
[BlackRD "107"]
[GameID "208068"]

1. e4 e5 2. f4 Bc5 3. Nf3 exf4 4. d4 Bb6 5. Bxf4 Nf6 6. Nc3 O-O 7. Bc4 Qe8 8. Ne5 d5 9. exd5 Bg4 10. Ne2 h6
11. Qd3 Nbd7 12. d6 Ba5+ 13. c3 g5 14. h3 gxf4 15. Bxf7+ Rxf7 16. Nxf7 Qxf7 17. hxg4 Nxg4 18. g3 f3 19. Rh4 f2+ 20. Kf1 h5
21. a3 cxd6 22. b4 Re8 23. bxa5 Ne3+ 24. Qxe3 Rxe3 25. Rb1 Qa2 26. Rxb7 Qxe2+
0-1

[Event "1500 & Under Championship / KO"]
[Site "SchemingMind.com"]
[Date "2009.06.12"]
[Round "-"]
[White "Brerrabbit"]
[Black "lumamo66"]
[Result "0-1"]
[WhiteCountry "SCO"]
[BlackCountry "ESP"]
[WhiteElo "1341"]
[WhiteRD "77"]
[BlackElo "1521"]
[BlackRD "75"]
[GameID "208190"]

1. e4 e5 2. Nf3 Nc6 3. Nc3 Nf6 4. d4 exd4 5. Nxd4 d6 6. Be2 h6 7. Nd5 Nxd4 8. Qxd4 c5 9. Qe3 Be6 10. Bb5+ Nd7
11. Bd2 a6 12. Ba4 b5 13. O-O bxa4 14. Nf4 Qf6 15. Nxe6 fxe6 16. Rfe1 Qxb2 17. Bc3 Qb7 18. e5 d5 19. Rac1 d4 20. Qf3 Qxf3
21. gxf3 dxc3 22. Rb1 Rb8 23. Rbd1 Rb2 24. Rd3 Rxc2 25. f4 c4 26. Red1 cxd3
0-1

[Event "1500 & Under Championship / KO"]
[Site "SchemingMind.com"]
[Date "2009.06.12"]
[Round "-"]
[White "lumamo66"]
[Black "Brerrabbit"]
[Result "1-0"]
[WhiteCountry "ESP"]
[BlackCountry "SCO"]
[WhiteElo "1521"]
[WhiteRD "75"]
[BlackElo "1341"]
[BlackRD "77"]
[GameID "208201"]

1. e4 e5 2. f4 exf4 3. Nf3 Be7 4. Qe2 Nf6 5. d3 Ng4 6. Bxf4 Nc6 7. Nc3 Bb4 8. Ng5 d6 9. h3 Nge5 10. a3 Qf6
11. Bd2 Bc5 12. Nd5 Qf2+ 13. Qxf2 Bxf2+ 14. Kxf2 O-O 15. Nxc7 Rb8 16. Nb5 a6 17. Nxd6 Be6 18. Bf4 f6 19. Nxe6
1-0

[Event "1500 & Under Championship / KO"]
[Site "SchemingMind.com"]
[Date "2009.06.16"]
[Round "-"]
[White "Lazaro"]
[Black "lame wolf"]
[Result "1-0"]
[WhiteCountry "CUB"]
[BlackCountry "INT"]
[WhiteElo "1410"]
[WhiteRD "87"]
[BlackElo "1097"]
[BlackRD "55"]
[GameID "208486"]

1. Nf3 c5 2. c4 Nc6 3. Nc3 b6 4. e3 Bb7 5. d4 d6 6. Bd3 cxd4 7. exd4 e6 8. O-O Be7 9. d5 exd5 10. cxd5 Nb8
11. Re1 Nf6 12. Qe2 Nbd7 13. Bg5 O-O 14. Qxe7 Bxd5 15. Qxd8 Raxd8 16. Nxd5 Rde8 17. Bxf6 Nxf6 18. Nxf6+ gxf6 19. Rxe8 Rxe8 20. Rc1
1-0

[Event "1500 & Under Championship / KO"]
[Site "SchemingMind.com"]
[Date "2009.06.16"]
[Round "-"]
[White "lame wolf"]
[Black "Lazaro"]
[Result "0-1"]
[WhiteCountry "INT"]
[BlackCountry "CUB"]
[WhiteElo "1085"]
[WhiteRD "62"]
[BlackElo "1372"]
[BlackRD "86"]
[GameID "208494"]

1. d4 Nf6 2. c4 c5 3. d5 e6 4. Nc3 exd5 5. e3 dxc4 6. Bxc4 d6 7. Nf3 Be7 8. Bd2 O-O 9. h3 a6 10. g4 b5
11. Bd3 Bb7 12. Qe2 Nbd7 13. g5 Ne8 14. h4 Ne5 15. e4 b4 16. Nd5 Bxd5 17. exd5 Nxd3+ 18. Qxd3 f6 19. Nh2 fxg5 20. Bxg5 Bxg5
21. O-O Bxh4 22. b3 Qg5+ 23. Kh1 Nc7 24. Rae1 Qxd5+ 25. Qxd5+ Nxd5 26. Re6 Rxf2 27. Rxf2 Bxf2 28. Ng4 Bg3 29. Ne3 Nxe3
0-1

[Event "1500 & Under Championship / KO"]
[Site "SchemingMind.com"]
[Date "2009.06.26"]
[Round "-"]
[White "twotone"]
[Black "Gammon"]
[Result "1-0"]
[WhiteCountry "ENG"]
[BlackCountry "USA"]
[WhiteElo "1489"]
[WhiteRD "75"]
[BlackElo "1410"]
[BlackRD "54"]
[GameID "210158"]

1. e4 c6 2. d4 d5 3. e5 Bf5 4. Bd2 Nd7 5. c4 e6 6. Nf3 Be7 7. cxd5 Bg4 8. dxe6 fxe6 9. Be2 Qc7 10. O-O Nh6
11. Na3 O-O 12. Bxh6 gxh6 13. Nc2 Kh8 14. Ne3 h5 15. Nd2 Bxe2 16. Qxe2 Rf7 17. Qxh5 Rg7 18. Rac1 Rag8 19. Ne4 Rxg2+ 20. Nxg2
1-0

[Event "1500 & Under Championship / KO"]
[Site "SchemingMind.com"]
[Date "2009.06.26"]
[Round "-"]
[White "Gammon"]
[Black "twotone"]
[Result "0-1"]
[WhiteCountry "USA"]
[BlackCountry "ENG"]
[WhiteElo "1410"]
[WhiteRD "54"]
[BlackElo "1489"]
[BlackRD "75"]
[GameID "210165"]

1. d4 b6 2. c4 Bb7 3. e3 e6 4. Nc3 Nf6 5. Nf3 c5 6. Be2 Be7 7. Bd2 O-O 8. Qc2 Nc6 9. O-O-O d5 10. h3 cxd4
11. exd4 Nb4 12. Qb1 a6 13. Na4 dxc4 14. Bxc4 b5 15. a3 Nc6 16. Bd3 bxa4 17. Ne5 Nxd4 18. Ng4 Rc8+ 19. Bc3 Bxg2 20. Rh2 Bf3
21. Bxh7+ Nxh7 22. Rd3 Be4
0-1

[Event "1500 & Under Championship / KO"]
[Site "SchemingMind.com"]
[Date "2009.07.20"]
[Round "-"]
[White "bartleby en passant"]
[Black "R.Leydon"]
[Result "1-0"]
[WhiteCountry "IRL"]
[BlackCountry "IRL"]
[WhiteElo "1644"]
[WhiteRD "82"]
[BlackElo "1454"]
[BlackRD "73"]
[GameID "213106"]

1. d4 Nf6 2. c4 g6 3. Nc3 d5 4. c5 Nc6 5. Bg5 Bg7 6. Bxf6 Bxf6 7. e3 Bf5 8. Bd3 Qd7 9. Bxf5 Qxf5 10. Nge2 O-O-O
11. O-O Nb4 12. a3 Nd3 13. Qb3 h5 14. Ng3 Nxc5 15. dxc5 Qe5 16. Nge2 h4 17. h3 e6 18. Rab1 a6 19. Nd4 Be7 20. c6 b6
21. Qa4 a5 22. b4 Bd6 23. Rfd1 Rh5 24. bxa5 Bc5 25. axb6 cxb6 26. Qa6+ Kb8 27. Qb7#
1-0